| 000 | 00909nam a2200265 a 4500 | ||
|---|---|---|---|
| 003 | MX-MxUPN | ||
| 005 | 20241203115406.0 | ||
| 008 | 241203s1954 mx a||||r|||| 000 0 spa d | ||
| 040 |
_aMX-MxUPN _bspa _cMX-MxUPN |
||
| 041 | 0 | _aspa | |
| 050 | 1 | 4 |
_aLB1651 M61 _bB458 1954 |
| 100 | 1 |
_aBeltrán, Enrique, _d1903-1994 _934682 |
|
| 100 | 1 |
_aRioja, Enrique _944551 |
|
| 100 | 1 |
_aNájera, Gilberto _954855 |
|
| 100 | 1 |
_aChávez, Raúl _954856 |
|
| 100 | 1 |
_aLarios Rodríguez, Ignacio _944554 |
|
| 245 | 1 | 0 |
_aPrácticas de biología : _bprimer curso para escuelas secundarias |
| 250 | _aPrimera edición. | ||
| 260 |
_aMéxico : _bE.C.L.A.C. : _bPorrúa, _c1954. |
||
| 300 |
_a143 páginas : _bilustraciones |
||
| 650 | 4 |
_aBiología _xEstudio y enseñanza (Secundaria) _94532 |
|
| 710 | 2 |
_aMuseo Pedagógico Nacional (México) _951335 _epropietario anterior |
|
| 902 | _aVíctor Ruiz/031224 | ||
| 942 |
_2lcc _cLIBRO |
||
| 999 |
_c212251 _d212251 |
||